| 000 | 00684nam a2200217Ia 4500 | ||
|---|---|---|---|
| 003 | GCL | ||
| 008 | 140319s9999 xx 000 0 ara d | ||
| 020 | _a4347376450 | ||
| 040 |
_aGCL / _cGCL |
||
| 082 | 0 | 4 |
_a004.678 _bب ا |
| 100 | 1 | _aبافينبرجر، برايان | |
| 245 | 1 | 0 |
_aاتش تى ام ال 4 / _cبافينبرجر، برايان |
| 700 | 1 | _aكارو، بيل | |
| 250 | _aالاولى | ||
| 260 |
_aالقاهرة : _bدار الفاروق للنشر والتوزيع ، _c2004 |
||
| 300 |
_a808 ص ؛ _c24 سم |
||
| 650 | 0 | 4 | _aالإنترنت |
| 650 | 0 | 4 | _aاتش تى ام ال 4 |
| 650 | 0 | 4 | _aالإنترنت - تصميم مواقع |
| 942 |
_2ddc _cBK |
||
| 999 |
_c7192 _d7192 |
||